000 00645nam a2200265Ia 4500
005 20260121170518.0
008 008 260114s9999 xx 000 0 eng d
020 _a9781349958078
037 _aEBOOK
040 _aCRL
040 _beng
040 _cCRL
041 _2eng
041 _aeng
084 _qCRL
100 _aIvan Y. Sun, Yuning Wu
_91064801
245 0 _aRace, Immigration, and Social Control
260 _bSpringer
260 _bSpringer
260 _c2018
856 _uhttps://link.springer.com/openurl?genre=book&isbn=978-1-349-95807-8
942 _cEBOOK
999 _c1630531
_d1630531